|
|
|
|
| LEADER |
00000nam0a2200000 4500 |
| 001 |
125602 |
| 005 |
20231031131419.0 |
| 035 |
|
|
|a (RuTPU)RU\TPU\book\135908
|
| 090 |
|
|
|a 125602
|
| 100 |
|
|
|a 20071119d1985 m y0rusy50 ca
|
| 101 |
1 |
|
|a rus
|c eng
|
| 102 |
|
|
|a RU
|
| 105 |
|
|
|a a z 000ay
|
| 200 |
1 |
|
|a Кенелм Чиллингли, его приключения и взгляды на жизнь
|e пер. с англ.
|f Э. Бульвер-Литтон
|g авт. послесл. Ю. Кагарлицкий ; худож. А. Маркевич
|
| 210 |
|
|
|a Москва
|c Правда
|d 1985
|
| 215 |
|
|
|a 576 с.
|c ил.
|
| 610 |
1 |
|
|a английская литература
|
| 610 |
1 |
|
|a романы
|
| 675 |
|
|
|a 82
|v 3
|
| 700 |
|
1 |
|a Бульвер-Литтон
|b Э.
|g Эдуард
|
| 702 |
|
1 |
|a Кагарлицкий
|b Ю.
|4 075
|
| 702 |
|
1 |
|a Маркевич
|b А.
|4 440
|
| 801 |
|
1 |
|a RU
|b 63413507
|c 20071119
|g PSBO
|
| 801 |
|
2 |
|a RU
|b 63413507
|c 20201210
|g PSBO
|
| 942 |
|
|
|c BK
|